000 00372nam a2200145Ia 4500
008 230312s9999||||xx |||||||||||||| ||und||
020 _a978-8126515257
082 _a621.38
_bRAM-F
100 _aRamo;Simon
245 0 _aFields and Waves in Communication Electronics
260 _bWiley
_aIndia
_c2012
300 _a844
650 _aEngineering
_vElectrical
942 _cBK
999 _c14198
_d14198